Miền Tây dung dị
保存先:
| 第一著者: | |
|---|---|
| フォーマット: | 図書 |
| 出版事項: |
T.P. Hồ Chí Minh
Tổng hợp T.P. Hồ Chí Minh
2020
|
| 主題: | |
| タグ: |
タグ追加
タグなし, このレコードへの初めてのタグを付けませんか!
|
| Thư viện lưu trữ: | Trung tâm Học liệu Lê Vũ Hùng, Trường Đại học Đồng Tháp |
|---|
| LEADER | 00745pam a22002298a 4500 | ||
|---|---|---|---|
| 001 | 00046121 | ||
| 005 | 20201215141243.0 | ||
| 008 | 170517s2011 ||||||Viesd | ||
| 020 | # | # | |a 9786043122046 |c 69000 |
| 041 | 0 | # | |a Vie |
| 082 | 1 | 4 | |a 959.77 |b M305T |
| 100 | 1 | # | |a Dương Út |
| 245 | 1 | 0 | |a Miền Tây dung dị |c Dương Út |
| 260 | # | # | |a T.P. Hồ Chí Minh |b Tổng hợp T.P. Hồ Chí Minh |c 2020 |
| 300 | # | # | |a 232 tr. |c 21 cm |
| 653 | # | # | |a Bài viết |
| 653 | # | # | |a Nam Việt Nam |
| 653 | # | # | |a Tập quán |
| 653 | # | # | |a Đời sống xã hội |
| 852 | # | # | |j KM.0034750 |j KM.0034749 |j KD.0027661 |
| 910 | # | # | |d 15/12/2020 |
| 980 | # | # | |a Trung tâm Học liệu Lê Vũ Hùng, Trường Đại học Đồng Tháp |


